América latina, una y diversa: método para su análisis /

সংরক্ষণ করুন:
গ্রন্থ-পঞ্জীর বিবরন
প্রধান লেখক: Cairo, Heriberto
অন্যান্য লেখক: comp. Sierra, Gerónimo de comp
বিন্যাস: পাঠ‍্য
প্রকাশিত: ALMA MATER
বিষয়গুলি:
ট্যাগগুলো: ট্যাগ যুক্ত করুন
কোনো ট্যাগ নেই, প্রথমজন হিসাবে ট্যাগ করুন!

MARC

LEADER 00000 a a2200000 04500
001 38002
003
040
020 |a 9968-9514  
090 |a AL 0003 C136a  
100 |a Cairo, Heriberto  
245 |a América latina, una y diversa: método para su análisis /  |c Heriberto Cairo 
260 |a ALMA MATER  
300 |a 287 p.  
650 |a URBANIZACION  
650 |a ECONOMIA MUNDIAL  
650 |a CULTURA  
650 |a POLITICA  
650 |a DESIGUALDAD SOCIAL  
650 |a MIGRACION  
650 |a AMERICA LATINA  
700 |a comp.   |a Sierra, Gerónimo de   |a comp.  
999 |c 740  |d 740